000 00668nam a2200217 a 4500
001 13672
003 BD-JhCC
005 20240313200105.0
008 240313b2018 nyu |||| ||a| 001 0 eng d
020 _a9781408893210
035 _a(BD-JhCC)13672
040 _aBD-JhCC
_dBD-JhCC
041 _aenglish
082 _a303.4
_bBRE 2018
100 _a Bregman, Rutger
245 _a Utopia For Realists :
_bAnd how we can get there /
_cRutger Bregman.
260 _a London:
_bBloomsbury,
_c2018.
300 _a229 p, :
_bill;
_c22 cm
650 _aCivilisation 21e siècle
_xCivilization, Modern
_zCivilization, Modern 21st century
_yutopian literature
942 _2ddc
_cBK
999 _c13672
_d13672